书目信息 |
| 题名: |
我生命的第一天
|
|
| 作者: | 格诺维塞 著 ;陈英 , 李燕超 , 余婷婷 译 | |
| 分册: | ||
| 出版信息: | 南京 江苏凤凰文艺出版社 2019.07 |
|
| 页数: | 315页 | |
| 开本: | 21cm | |
| 丛书名: | ||
| 单 册: | ||
| 中图分类: | I546.45 | |
| 科图分类: | ||
| 主题词: | 长篇小说--chang pian xiao shuo--意大利--现代 | |
| 电子资源: | ||
| ISBN: | 978-7-5594-3791-4 | |
| 000 | 01181nam0 2200265 450 | |
| 001 | 2069368294 | |
| 005 | 20201105191621.32 | |
| 010 | @a978-7-5594-3791-4@dCNY42.00 | |
| 100 | @a20190703d2019 em y0chiy50 ea | |
| 101 | 1 | @achi@cita |
| 102 | @aCN@b320000 | |
| 105 | @ay z 000ay | |
| 200 | 1 | @a我生命的第一天@Awo sheng ming de di yi tian@d= The first day of my life@f(意) 保罗·格诺维塞著@g陈英, 李燕超, 余婷婷译@zeng |
| 210 | @a南京@c江苏凤凰文艺出版社@d2019.07 | |
| 215 | @a315页@d21cm | |
| 330 | @a本书讲述了四个人的故事: 艾米丽、阿莱莎和丹尼尔都对自己如何对生活感到厌倦各执一词, 但是拿破仑对此却一个理由也说不上来。然而, 他却比谁都下定决心要了断自己的生命。就在自杀的前一刻, 一个陌生人不期而至。他将说服他们和他进行一个交易: 在几天之内, 他会带他们去看看, 如果世界没有了他们, 生活将如何继续。 | |
| 510 | 1 | @aFirst day of my life@zeng |
| 606 | 0 | @a长篇小说@Achang pian xiao shuo@y意大利@z现代 |
| 690 | @aI546.45@v5 | |
| 701 | 1 | @a格诺维塞@Age nuo wei sai@g(Genovese, Paolo),@f1966-@4著 |
| 702 | 0 | @a陈英@Achen ying@4译 |
| 702 | 0 | @a李燕超@Ali yan chao@4译 |
| 702 | 0 | @a余婷婷@Ayu ting ting@4译 |
| 801 | 0 | @aCN@b人天书店@c20201025 |
| 905 | @aZUCC@dI546.45@eG278 | |
| 我生命的第一天= The first day of my life/(意) 保罗·格诺维塞著/陈英, 李燕超, 余婷婷译.-南京:江苏凤凰文艺出版社,2019.07 |
| 315页;21cm |
| ISBN 978-7-5594-3791-4:CNY42.00 |
| 本书讲述了四个人的故事: 艾米丽、阿莱莎和丹尼尔都对自己如何对生活感到厌倦各执一词, 但是拿破仑对此却一个理由也说不上来。然而, 他却比谁都下定决心要了断自己的生命。就在自杀的前一刻, 一个陌生人不期而至。他将说服他们和他进行一个交易: 在几天之内, 他会带他们去看看, 如果世界没有了他们, 生活将如何继续。 |
| ● |
| 相关链接 |
|
|
|
正题名:我生命的第一天
索取号:I546.45/G278
 
预约/预借
| 序号 | 登录号 | 条形码 | 馆藏地/架位号 | 状态 | 备注 |
| 1 | 1480680 | 214806806 | 文学库116/116文学库 18排6列4层/ [索取号:I546.45/G278] | 在馆 | |
| 2 | 1480681 | 214806815 | 文学库116/116文学库 18排6列4层/ [索取号:I546.45/G278] | 在馆 |